Datum a čas kvízu
19.5
Celkem bodů
Celkový počet nahraných bodů na tomto kvízu bez doplňovacích otázek.
6.
Pořadí na kvízu
Konečné umístění týmu na tomto kvízu.
Zaznamenané odpovědi
| # | Otázka | Odpověď | Body | Výsledky |
|---|---|---|---|---|
| 1. | Jeden z českých vrcholných pol... | Ivan Bartoš | 1 | |
| 2. | Bývalý španělský král, který č... | Juan Carlos I. | 0 | |
| 3. | Německá televize ARD začne od... | Pan Tau | 1 | |
| 4. | Společnost Škoda Auto má novéh... | Jihoafrická republika | 0 | |
| 5. | Jak se jmenuje čerstvý držitel... | Tomáš Souček | 1 | |
| 6. | Historie kulečníkových her sah... | slonovina | 1 | |
| 7. | Kulečník, nebo také biliár (z... | pool | 0 | |
| 8. | Osmička (Eight-ball) se hraje... | A | 1 | |
| 9. | Nyní vám pustíme ukázku ze ser... | karambol | 1 | |
| 10. | Barva peněz je snímek z roku 1... | Tom Cruise | 1 |